000 00710nam a2200265Ia 4500
003 OSt
005 20221007112223.0
006 a|||||r|||| 00| 0
007 ta
008 221006b |||||||| |||| 00| 0 eng d
024 _a25,414
037 _cTextual
040 _aLCO
_cLCO
_beng
041 _2eng
_aeng
082 _aZ1,6, Q0
100 _aChandran D. Suba
_9289957
245 0 _aArmed Conflicts in South Asia 2009
250 _a1st
260 _aNew
_bDelhi Routledge Taylor & Francis Group India
_c2010
300 _a240
650 _aCONFLICTS
_9708619
700 _a Chari P.R
_9262372
942 _hZ1,6, Q0
_cTEXL
999 _c1194977
_d1194977